A lakossági ingatlan fedezetes hitelezés folyamata

Bibliográfiai részletek
Szerző: Bakonyi Péter
További közreműködők: Pocsai Dr Erzsébet
Dokumentumtípus: Projektmunka
Kulcsszavak:jelzáloghitel
Ingatlan
Folyamatelemzés
Online Access:http://dolgozattar.uni-bge.hu/11580

MARC

LEADER 00000nnm a2200000 i 4500
001 dolg11580
005 20170517104616.0
008 170517suuuu hu o 000 hun d
040 |a BGE Dolgozattár Repozitórium  |b hun 
041 |a hu 
100 1 |a Bakonyi Péter 
245 1 2 |a A lakossági ingatlan fedezetes hitelezés folyamata  |c Bakonyi Péter  |h [elektronikus dokumentum] 
516 |a Project_work 
695 |a jelzáloghitel 
695 |a Ingatlan 
695 |a Folyamatelemzés 
700 1 |a Pocsai Dr Erzsébet  |e ths 
856 4 0 |u http://dolgozattar.uni-bge.hu/11580/7/titkositasi_kerelem.pdf  |z Dokumentum-elérés 
856 4 0 |u http://dolgozattar.uni-bge.hu/11580/8/A_lakossagi_ingatlanfedezetes_hitelezes_folyamata.pdf  |z Dokumentum-elérés